000 00755nam a2200289Ia 4500
005 20260324125115.0
008 008 260324s9999 xx 000 0 eng d
020 _a9780203864425
037 _aEBOOK
040 _aCRL
040 _beng
040 _cCRL
041 _2eng
041 _aeng
084 _qCRL
100 _aGraham Haughton; Philip Allmendinger; David Counsell; Geoff Vigar
_91176718
245 4 _aThe New Spatial Planning
245 0 _bTerritorial Management with Soft Spaces and Fuzzy Boundaries
260 _bTaylor and Francis
260 _c2009
365 _a
365 _b290
856 _uhttp://www.taylorfrancis.com/books/9780203864425
942 _cEBOOK
999 _c1771679
_d1771679